Managing with Information / (Record no. 119699)

MARC details
000 -LEADER
fixed length control field 00434pam a2200157 a 4500
020 ## - INTERNATIONAL STANDARD BOOK NUMBER
Terms of availability
041 ## - LANGUAGE CODE
Language code of original
082 ## - DEWEY DECIMAL CLASSIFICATION NUMBER
Classification number 658.403 801 1
Item number KAN
100 ## - MAIN ENTRY--PERSONAL NAME
Personal name Kanter, Jerome.
245 ## - TITLE STATEMENT
Title Managing with Information /
Statement of responsibility, etc. NULL.
Medium Textual Documents
250 ## - EDITION STATEMENT
Edition statement 4th ed /
Remainder of edition statement .
260 ## - PUBLICATION, DISTRIBUTION, ETC.
Place of publication, distribution, etc. New Delhi :
Name of publisher, distributor, etc. Prentice Hall of India Private Limited ,
Date of publication, distribution, etc. 2000.
300 ## - PHYSICAL DESCRIPTION
Extent 878 ;
Dimensions 24*18.
653 ## - INDEX TERM--UNCONTROLLED
Uncontrolled term Management Information System
930 ## - EQUIVALENCE OR CROSS-REFERENCE-UNIFORM TITLE HEADING [LOCAL, CANADA]
Uniform title 196
Holdings
Withdrawn status Lost status Damaged status Not for loan Collection Home library Current library Date acquired Source of acquisition Cost, normal purchase price Total Checkouts Full call number Barcode Date last seen Copy number Price effective from Koha item type
          Institute of Management & Entrepreneurship Development, Pune Institute of Management & Entrepreneurship Development, Pune 18/04/2001 Book - Space 175.00   658.403 801 1 KAN IMP-M-176 01/03/2023 1 01/03/2023 Book